000 00504nam a2200193 a 4500
001 1771582486592
003 YourLibrary
005 20260220155320.0
008 260220s1998##################000#0#eng##
020 _a9780750670098
082 0 4 _a338.064
_bNEE
100 1 _aNeef, Dale,
_eauthor.
245 1 0 _aThe Economic Impact of Knowledge :
260 _bRoutledge,
_c1998.
300 _a362 pages
650 0 _aBusiness & Economics.
942 _cENGLISH
040 _aYourLibrary
_beng
_cYourLibrary
999 _c614476
_d614476